NBA All-Stars By Letter - I - Statistics

General Stats
  • This quiz has been taken 798 times
    747 since last reset
  • The average score is 5 of 7
Answer Stats
Players Selections Last Teams % Correct
Allen Iverson 10 2010 76ers, Pistons, Nuggets
96%
Kyrie Irving 9 2025 Cavaliers, Celtics, Nets, Mavericks
95%
Brandon Ingram 2 2026 Pelicans, Raptors
88%
Zydrunas Ilgauskas 2 2005 Cavaliers
68%
Andre Iguodala 1 2012 76ers
67%
Dan Issel 1 1977 Nuggets
39%
Darrall Imhoff 1 1967 Lakers
7%
No matching quizzes found
Score Distribution
Percent of People with Each Score
Percentile by Number Answered
Your Score History
You have not taken this quiz since the last reset